00607nam a22002297a 4500003000500000005001700005008004100022010000900063011000900072035000900081040000900090100002600099245004800125260005100173300001000224490002800234500001200262650002400274650002600298650002500324830002800349CHAP20230629062633.0971013s1989 r 00010 d a4054 a5026 a4232 cCHAP00aLizárraga, Rolando.1 aTissue culture for elimination of pathogens aLima :bCentro Internacional de la Papa,c1989 a21 p. aCIP Research guidev; 3 aD52-13414aCultivo de tejidos.17aPapasxEnfermedades214aPapaxPropagación.0 aCIP Research guidev; 3